000 01924cam a2200409 a 4500
001 12945770
003 OSt
005 20210416052939.0
008 020926s2003 mduab 000 0 eng
010 _a 2002015858
020 _a0801873061 (alk. paper)
040 _aDLC
_cDLC
_dDLC
042 _apcc
043 _ae------
_aff-----
_aaw-----
050 0 0 _aDG254.2
_b.B87 2003
080 _a94
_bB-96
082 0 0 _a303.48/2360397/09015
_221
100 1 _aBurns, Thomas S.
_q(Thomas Samuel),
_d1945-
245 1 0 _aRome and the Barbarians, 100 B.C.-A.D. 400 /
_cThomas S. Burns.
260 _aBaltimore :
_bJohns Hopkins University Press,
_c2003.
300 _axiv, 461 p. :
_bill., maps ;
_c23 cm.
365 _b49.95 usd
440 0 _aAncient society and history
504 _aIncludes bibliographical references (p. 431-452) and index.
505 0 _aSometimes bitter friends -- Recognition, confrontation, and co-existence -- Through Caesar's eyes -- The early empire and the Barbarians -- Perspectives from Pannonia -- The Barbarians and the "crisis" of the empire -- Barbarians and the late Roman Empire -- Epilogue -- Appendix: Most important Roman emperors and usurpers.
650 0 _aRoman provinces
_xAdministration.
650 0 _aAcculturation
_zRome.
651 0 _aRome
_xHistory
_yRepublic, 265-30 B.C.
651 0 _aRome
_xHistory
_yEmpire, 30 B.C.-476 A.D.
700 _942
_aBurns, S. Thomas
856 4 2 _3Contributor biographical information
_uhttp://www.loc.gov/catdir/bios/jhu051/2002015858.html
856 4 1 _3Table of contents
_uhttp://www.loc.gov/catdir/toc/jhu051/2002015858.html
856 4 2 _3Publisher description
_uhttp://www.loc.gov/catdir/description/jhu051/2002015858.html
906 _a7
_bcbc
_corignew
_d1
_eecip
_f20
_gy-gencatlg
942 _2udc
_cBK
999 _c110
_d110